000 00766nam a2200241 i 4500
003 DO-SdBNP
005 20250129121827.0
007 ta
008 230531b1939 sp a|||| |||| 00| 0 spa d
040 _aDO-SdBNP
_bspa
_cBNPHU
_erda
082 4 _222
100 1 _aGatón Arce, Freddy,
_d1920-1994
_eautor
_97946
245 1 0 _aRetiro hacia la luz :
_bselección /
_cFreddy Gatón Arce ; nota Pedro Rene Contin Aybar
264 _aSanto Domingo :
_bs.n.,
_c1939.
300 _a62 páginas ;
_bilustraciones,
_c22 cm.
336 _2rdacontent
_atexto
_btxt
337 _2rdamedia
_asin mediación
_bn
338 _2rdacarrier
_avolumen
_bnc
590 _aInventariado, 2023/BT
700 1 _aContin Aybar, Pedro Rene,
_enota
_923772
910 _aBtavárez
942 _2ddc
_cLBS1
999 _c53658
_d53658